[Event "GER-chT North U16"]
[Site "Berlin"]
[Date "2012.09.08"]
[Round "5.4"]
[White "Wesselly, Michael"]
[Black "Teschke, Max"]
[Result "1/2-1/2"]
[WhiteElo "848"]
[BlackElo "1651"]
[PlyCount "44"]
[EventDate "2012.09.06"]
[EventType "team-swiss"]
[EventRounds "7"]
[EventCountry "GER"]
[SourceTitle "EXT 2015"]
[Source "ChessBase"]
[SourceDate "2014.11.20"]
[SourceVersion "1"]
[SourceVersionDate "2014.11.20"]
[SourceQuality "1"]
[WhiteTeam "Cothen Germania"]
[BlackTeam "Baumschulenweg"]
[WhiteTeamCountry "GER"]
[BlackTeamCountry "GER"]

1. e4 c5 2. Nf3 Nc6 3. Bc4 e6 4. d3 a6 5. Nc3 d6 6. 0-0 Be7 7. Bf4 Nf6 8. h3 0-0 9. a3 b5 10. Bb3 Nd4 11. Nxd4 cxd4 12. Ne2 e5 13. Bg3 Kh8 14. f4 Nd7 15. fxe5 dxe5 16. Rxf7 Bf6 17. Rxf8+ Qxf8 18. Bd5 Ra7 19. Qd2 Nb6 20. Bb3 a5 21. Rf1 Qe8 22. Rf3 h6 1/2-1/2

[Event "GER-chT Nord-Ost U20 U20 1112"]
[Site "Germany"]
[Date "2012.05.12"]
[Round "8"]
[White "Wierzbicki, Jirawat"]
[Black "Teschke, Max"]
[Result "0-1"]
[WhiteElo "1541"]
[BlackElo "1595"]
[PlyCount "86"]
[EventDate "2011.09.24"]
[EventType "team-tourn"]
[EventRounds "9"]
[EventCountry "GER"]
[SourceTitle "EXT 2015"]
[Source "ChessBase"]
[SourceDate "2014.11.20"]
[SourceVersion "1"]
[SourceVersionDate "2014.11.20"]
[SourceQuality "1"]

1. e4 e5 2. Nf3 Nc6 3. Bc4 Nf6 4. d3 h6 5. 0-0 Bc5 6. h3 d6 7. a4 0-0 8. Re1 Qe7 9. c3 a5 10. Nbd2 Be6 11. Bb3 Ba7 12. Nf1 Nd8 13. Ng3 Qd7 14. Nh4 Bxh3 15. Nhf5 Bxf5 16. Nxf5 h5 17. Bg5 Ng4 18. d4 Ne6 19. Bh4 g6 20. Ne7+ Kh7 21. Qd2 f6 22. Bxe6 Qxe6 23. Nd5 Rac8 24. f3 Nh6 25. Nxf6+ Rxf6 26. Bg5 Nf7 27. Bxf6 Qxf6 28. Rad1 c5 29. c4 cxd4 30. Qxa5 Ra8 31. Kf1 d3 32. Rxd3 Qh4 33. Ke2 Qf2+ 34. Kd1 Qxb2 35. Qc7 Kg8 36. Qa5 Qb1+ 37. Ke2 Qc2+ 38. Rd2 Qxc4+ 39. Kd1 Qb3+ 40. Ke2 Qe3+ 41. Kd1 Qxe1+ 42. Kxe1 Bf2+ 43. Kxf2 Rxa5 0-1

[Event "GER-chT Nord-Ost U20 U20 1112"]
[Site "Germany"]
[Date "2012.02.18"]
[Round "6"]
[White "Teschke, Max"]
[Black "Lange, Georg"]
[Result "1-0"]
[WhiteElo "1595"]
[BlackElo "1410"]
[PlyCount "54"]
[EventDate "2011.09.24"]
[EventType "team-tourn"]
[EventRounds "9"]
[EventCountry "GER"]
[SourceTitle "EXT 2015"]
[Source "ChessBase"]
[SourceDate "2014.11.20"]
[SourceVersion "1"]
[SourceVersionDate "2014.11.20"]
[SourceQuality "1"]

1. e4 b6 2. d4 Bb7 3. Nc3 e6 4. Be3 Bb4 5. f3 Nf6 6. Nge2 Nc6 7. a3 Be7 8. Qd2 d6 9. g4 Qd7 10. Ng3 0-0-0 11. Bb5 d5 12. e5 Ne8 13. Na2 f6 14. f4 Rg8 15. g5 h6 16. h4 Rh8 17. Nb4 Kb8 18. Qc3 Bxb4 19. axb4 f5 20. g6 Rg8 21. Ra2 a6 22. Bxa6 Bxa6 23. Rxa6 Kb7 24. Qa3 Na5 25. Qd3 Nc4 26. Ra2 c6 27. b3 Nxe3 1-0

[Event "GER-chT Nord-Ost U20 U20 1112"]
[Site "Germany"]
[Date "2011.12.03"]
[Round "4.5"]
[White "Daus, Christian"]
[Black "Teschke, Max"]
[Result "0-1"]
[WhiteElo "1555"]
[BlackElo "1595"]
[PlyCount "106"]
[EventDate "2011.09.24"]
[EventType "team-tourn"]
[EventRounds "9"]
[EventCountry "GER"]
[SourceTitle "EXT 2015"]
[Source "ChessBase"]
[SourceDate "2014.11.20"]
[SourceVersion "1"]
[SourceVersionDate "2014.11.20"]
[SourceQuality "1"]

1. e4 c5 2. Nf3 d6 3. d4 cxd4 4. Nxd4 Nf6 5. Nc3 a6 6. f3 e6 7. Be3 Be7 8. Qd2 Bd7 9. 0-0-0 Nc6 10. h4 Rc8 11. h5 Ne5 12. g4 Bc6 13. Be2 b5 14. g5 Nfd7 15. f4 Nc4 16. Bxc4 bxc4 17. f5 Nc5 18. Nxc6 Rxc6 19. f6 gxf6 20. g6 Bf8 21. Qg2 fxg6 22. hxg6 Qd7 23. gxh7 Rxh7 24. Qg6+ Rf7 25. Rh7 Rc7 26. Rf1 Qe7 27. e5 f5 28. exd6 Qxd6 29. Bxc5 Qxc5 30. Rxf7 Qe3+ 31. Kb1 Rxf7 32. Qg2 Qb6 33. Qa8+ Kd7 34. Rd1+ Bd6 35. Qg8 Re7 36. Qg3 Kc7 37. Qh4 Qc6 38. Ka1 Rf7 39. Rd4 f4 40. Qe1 e5 41. Re4 Kb7 42. Qe2 Rc7 43. Nb1 Qd5 44. Nc3 Qf7 45. Qd2 Rd7 46. Nb1 f3 47. Qf2 Kc6 48. a3 Bc5 49. Qf1 f2 50. Nc3 Qg6 51. Rh4 Qg1 52. Rh1 Qxf1+ 53. Rxf1 Rg7 0-1

[Event "GER-chT Nord-Ost U20 U20 1112"]
[Site "Germany"]
[Date "2011.11.06"]
[Round "2.6"]
[White "Teschke, Max"]
[Black "Bardosch, Karl"]
[Result "0-1"]
[WhiteElo "1595"]
[BlackElo "1564"]
[PlyCount "98"]
[EventDate "2011.09.24"]
[EventType "team-tourn"]
[EventRounds "9"]
[EventCountry "GER"]
[SourceTitle "EXT 2015"]
[Source "ChessBase"]
[SourceDate "2014.11.20"]
[SourceVersion "1"]
[SourceVersionDate "2014.11.20"]
[SourceQuality "1"]

1. e4 c5 2. Nf3 d6 3. d4 cxd4 4. Nxd4 a6 5. Be3 e6 6. Nc3 Nf6 7. f3 b5 8. Qd2 Bb7 9. Be2 Nbd7 10. g4 Nb6 11. 0-0-0 Nfd7 12. Rdg1 Ne5 13. Nb3 Nbc4 14. Bxc4 Nxc4 15. Qe2 Nxe3 16. Qxe3 Be7 17. g5 Rc8 18. h4 Qc7 19. Qd4 e5 20. Qd3 Qb6 21. Nd1 0-0 22. Ne3 Rfd8 23. h5 Rc7 24. g6 h6 25. gxf7+ Kxf7 26. f4 exf4 27. Nd5 Bxd5 28. Qxd5+ Kf8 29. Nd4 Bf6 30. Ne6+ Ke7 31. Nxc7 Qxc7 32. Rg6 Rc8 33. Qb3 Qc4 34. Qxc4 Rxc4 35. Re1 Rc5 36. c3 Rxh5 37. Kc2 Rh2+ 38. Kb3 Kf7 39. Rgg1 Ke6 40. Rh1 Rxh1 41. Rxh1 Ke5 42. Kc2 Kxe4 43. Kd2 Kf3 44. Rf1+ Kg3 45. Ke2 g5 46. Rg1+ Kh2 47. Rd1 g4 48. Rxd6 f3+ 49. Kd1 Bg5 0-1

[Event "GER-chT U14"]
[Site "Magdeburg"]
[Date "2010.12.30"]
[Round "7.2"]
[White "Teschke, Max"]
[Black "Myagkov, Kirill"]
[Result "0-1"]
[WhiteElo "1560"]
[BlackElo "1699"]
[PlyCount "132"]
[EventDate "2010.12.27"]
[EventType "team-swiss"]
[EventRounds "7"]
[EventCountry "GER"]
[SourceTitle "CBM 140 Extra"]
[Source "ChessBase"]
[SourceDate "2011.03.01"]
[SourceVersion "1"]
[SourceVersionDate "2011.03.01"]
[SourceQuality "1"]
[WhiteTeam "Baumschulenweg"]
[BlackTeam "Nuernberg NT"]
[WhiteTeamCountry "GER"]
[BlackTeamCountry "GER"]

1. e4 d5 2. exd5 Nf6 3. d4 Nxd5 4. c4 Nb6 5. Nc3 Nc6 6. Nf3 Bg4 7. c5 Nd5 8. Bc4 e6 9. 0-0 Be7 10. Be3 0-0 11. a3 Qd7 12. Rc1 Bf6 13. Be2 Nde7 14. Qa4 Rad8 15. Rfd1 Qc8 16. h3 Bh5 17. Rd2 Nf5 18. Rcd1 Nxe3 19. fxe3 Ne7 20. e4 Bxf3 21. Bxf3 c6 22. Qxa7 Bg5 23. Rd3 Ng6 24. Ne2 f5 25. e5 Nh4 26. Qa5 f4 27. Qc3 Nf5 28. Bg4 Ne3 29. Rxe3 fxe3 30. Ng3 g6 31. Ne4 Bf4 32. Nd6 Qc7 33. Qb3 Kg7 34. Qxe6 Bg3 35. Bf3 Rxf3 36. gxf3 e2 37. Rf1 Rf8 38. Kg2 e1Q 39. Rxe1 Bxe1 40. Ne8+ Rxe8 41. Qxe8 Qf7 42. Qc8 Kh6 43. Qg4 Qf5 44. Qe4 Qxe4 45. fxe4 Kg7 46. d5 Kf7 47. Kf3 Bd2 48. b4 Ke7 49. Ke2 Bc1 50. Kd3 Bxa3 51. Kc4 g5 52. b5 h5 53. bxc6 bxc6 54. dxc6 Bb2 55. Kd5 g4 56. hxg4 hxg4 57. e6 Kd8 58. e5 g3 59. Kd6 Bxe5+ 60. Kxe5 g2 61. Kd6 g1Q 62. e7+ Ke8 63. Kc7 Qxc5 64. Kb7 Kxe7 65. c7 Kd7 66. Ka8 Qa5+ 0-1

[Event "GER-chT U14"]
[Site "Magdeburg"]
[Date "2010.12.27"]
[Round "1.2"]
[White "Finke, Maurice"]
[Black "Teschke, Max"]
[Result "1/2-1/2"]
[WhiteElo "1755"]
[BlackElo "1560"]
[PlyCount "82"]
[EventDate "2010.12.27"]
[EventType "team-swiss"]
[EventRounds "7"]
[EventCountry "GER"]
[SourceTitle "CBM 140 Extra"]
[Source "ChessBase"]
[SourceDate "2011.03.01"]
[SourceVersion "1"]
[SourceVersionDate "2011.03.01"]
[SourceQuality "1"]
[WhiteTeam "Wildeshausen"]
[BlackTeam "Baumschulenweg"]
[WhiteTeamCountry "GER"]
[BlackTeamCountry "GER"]

1. d4 Nf6 2. c4 c5 3. d5 b5 4. cxb5 a6 5. bxa6 Bxa6 6. Nc3 d6 7. g3 g6 8. Bg2 Bg7 9. Nf3 Nbd7 10. Rb1 0-0 11. 0-0 Qa5 12. Bd2 Qc7 13. Qc1 Nb6 14. Nh4 Rfb8 15. b3 Bb7 16. e4 Nfd7 17. Bh6 Bh8 18. Nf3 Ba6 19. Re1 Ne5 20. Nxe5 Bxe5 21. h4 Nd7 22. h5 Bd3 23. Rb2 Qa5 24. Bd2 Qb6 25. h6 c4 26. Be3 Qb4 27. Bd2 Qa3 28. Bf1 Bxf1 29. Rxf1 Nc5 30. Rb1 cxb3 31. Qxa3 Rxa3 32. axb3 Nxb3 33. Ne2 Raa8 34. Bc3 Bxc3 35. Nxc3 Nd2 36. Rxb8+ Rxb8 37. Ra1 Nf3+ 38. Kg2 Ne5 39. Kh3 f6 40. Kg2 Ng4 41. Rh1 Kf7 1/2-1/2

[Event "GER-chT U14"]
[Site "Magdeburg"]
[Date "2010.12.27"]
[Round "2.2"]
[White "Teschke, Max"]
[Black "Hoffmann, Dustin"]
[Result "0-1"]
[WhiteElo "1560"]
[BlackElo "1665"]
[PlyCount "112"]
[EventDate "2010.12.27"]
[EventType "team-swiss"]
[EventRounds "7"]
[EventCountry "GER"]
[SourceTitle "CBM 140 Extra"]
[Source "ChessBase"]
[SourceDate "2011.03.01"]
[SourceVersion "1"]
[SourceVersionDate "2011.03.01"]
[SourceQuality "1"]
[WhiteTeam "Baumschulenweg"]
[BlackTeam "Merseburg"]
[WhiteTeamCountry "GER"]
[BlackTeamCountry "GER"]

1. e4 c5 2. Nf3 Nc6 3. d4 cxd4 4. Nxd4 Nf6 5. Nc3 e5 6. Ndb5 d6 7. Nd5 Nxd5 8. exd5 Nb8 9. c4 Be7 10. Be2 a6 11. Nc3 0-0 12. 0-0 f5 13. Qb3 Nd7 14. f3 f4 15. Ne4 Nf6 16. Bd2 Rb8 17. Qc2 Bf5 18. Bd3 Qd7 19. Ng5 Bxd3 20. Qxd3 b5 21. b3 Rfc8 22. Rac1 bxc4 23. bxc4 Qa4 24. Rc2 Rb7 25. Rfc1 Rcb8 26. Qf5 Qd7 27. Qxd7 Nxd7 28. Ne4 Nf6 29. Be1 Nxe4 30. fxe4 Rb1 31. a3 Rxc1 32. Rxc1 Rb3 33. Bb4 a5 34. Bxa5 Rxa3 35. Bd2 Rd3 36. Rc2 Rd4 37. Kf2 Rxe4 38. Kf3 Rd4 39. Ke2 g5 40. h3 e4 41. h4 e3 42. Be1 h6 43. hxg5 hxg5 44. Kf3 Rd1 45. Ke2 Rb1 46. Ba5 Rg1 47. Kf3 Rf1+ 48. Kg4 Rf2 49. Rc1 Rxg2+ 50. Kf5 Kf7 51. Rh1 e2 52. Rh7+ Ke8 53. Rh1 f3 54. Ke6 f2 55. Rh8+ Bf8 56. c5 e1Q+ 0-1